Statistics for Countries with Highest Birth Rates

Click here to take the quiz!

General Stats

  • This quiz has been taken 30 times
  • The average score is 7 of 10

Answer Stats

Births per
1,000 Population
Answer% Correct
46.86Niger
97%
39.64Congo, Democratic Republic of the
86%
40.54Mali
86%
39.85Chad
83%
37.71Somalia
76%
37.07South Sudan
76%
40.27Uganda
66%
41.42Angola
62%
36.94Mozambique
45%
40.72Benin
38%

Score Distribution

Percentile by Number Answered

Percent of People with Each Score

Your Score History

You have not taken this quiz